LEADER 01092nam a2200253 i 4500 001 000000155868 003 CaOOAMICUS 005 20061122000000.0 008 061122s1972 it u000 u mul u 013 $a133222 040 $aSeMil$bita 100 1 $aRonsard, Pierre : de,$d<1524-1585>.$0(OLS)http://semarc/name/8934 245 10$aRonsard fra gli astri della Pléiade /$cPrefazione, traduzione, note e bibliografia a cura di Maria Luisa Spaziani. 260 $aTorino :$bERI,$ccopyr. 1972. 300 $aXXIX, 187 p. ;$c21 cm. 500 $aContiene : Bibliografia. - Testo francese a fronte. - Fondo Ciprandi. 650 4$aLa Pléiade - Antologie.$0(OLS)http://semarc/subject/30499 700 1 $aSpaziani, Maria Luisa <1924-2014>.$0(OLS)http://semarc/name/36698 850 $aSeMil 852 $aSeMil$W1$xVenegono$y1$m1U II 10$j107695$B107695$CSeMilBibl$Z2$F117260 $81 941 1 $a1 961 $aOmaggio: Ciprandi dott. Paolo 996 $6245$aRonsard fra gli astri della Pléiade$9(OLS)http://semarc/title/228363 996 $6260$aTorino :$bERI$9(OLS)http://semarc/publisher/31745 LEADER 01448nam a2200277 i 4500 001 000000090549 003 CaOOAMICUS 005 20220404143448.0 008 160225s1754 fr u000 u fre u 013 $a62791 026 $adun. s.o- r.sa fade (3) 1754 (R) 040 $aSeMil$bita 100 1 $aGalland, Julien Claude.$0(OLS)http://semarc/name/40671 245 10$aRecueil des rits et cérémonies du pelegrinage de la Mecque, auquel on a joint divers ecrits relatifs à la religion, aux sciences & aux moeurs des Turcs. Par m. Galland .. 260 $aA Amsterdam, et se vend à Paris :$bChez Desaint & Saillant,$c1754. 300 $aVIII, 215, [1] p. ;$c8°. 500 $aFregi xilogr. 500 $aSegn.: a4 A-N8O4 650 4$aLa Mecca - Pellegrinaggi.$0(OLS)http://semarc/subject/16565 700 1 $aDesaint, Jean,$c.$0(OLS)http://semarc/name/6348 710 0 $aSaillant, Charles$c.$0(OLS)http://semarc/name/6346 850 $aSeMil 852 $aSeMil$W1$xVenegono$y1$m3K I 95 FA$j53517$B53517$CSeMilBibl$Z2$F58150 $8I 996 $6245$aRecueil des rits et cérémonies du pelegrinage de la Mecque, auquel on a joint divers ecrits relatifs à la religion, aux sciences & aux moeurs des Turcs. Par m. Galland ..$9(OLS)http://semarc/title/136531 996 $6260$aA Amsterdam, et se vend à Paris :$bChez Desaint & Saillant$9(OLS)http://semarc/publisher/43620